Islamic astronomy and science development
| Main Author: | |
|---|---|
| Format: | Book |
| Published: |
Petaling Jaya :
Pelanduk ,
1996
|
| Subjects: |
MARC
| LEADER | 00000cam a2200000 7i4500 | ||
|---|---|---|---|
| 001 | 0000014717 | ||
| 005 | 20050418.0 | ||
| 020 | |a 9679785491 | ||
| 040 | |a INS | ||
| 090 | 0 | 0 | |a QB33.174 |b I45 1996 |
| 100 | 1 | |a Mohammad Ilyas | |
| 245 | 1 | 0 | |a Islamic astronomy and science development |c Mohammad Ilyas |
| 260 | |a Petaling Jaya : |b Pelanduk , |c 1996 | ||
| 300 | |a 147p. ; |c 23 cm. | ||
| 650 | 0 | 0 | |a Astronomy |x religious aspect |z Islam |
| 650 | 0 | 0 | |a Islam and science |
| 999 | |a 0000009944 |b BOOK |c Open Shelf |e Default branch | ||